000 01326nam a2200325 a 4500
999 _c490027
_d490027
003 BLK
005 20241107131217.0
008 230323b bu |||||r|||| 00| | bu d
020 _a9789543503131
040 _aBLK
041 _aBUL
_cBUL
080 _aСамодеен театър
_b792.077
_x.03(497.21-21)
_z792.077.03(497.21-21)
100 _aПеткова, Павлина Якимова
_9378622
139 _aПеткова, Павлина Якимова
_bП 44
245 _aПред храма на Мелпомена
_bСамодеен драматичен читалищен театър - гр. Бяла (1900-2015)
_cПавлина Петкова
260 _9210932
_aПловдив
_bАстарта
_c2022
300 _a180 с.
_bс ил., портр.
_c24 см
380 _a7
500 _aИзд. на Самодеен драмат. читалищен театър - гр. Бяла
504 _aБиблиогр.: с. 176-178
650 0 _9250103
_aТеатрална самодейност - България
650 7 _9177655
_aЧиталища - Русенско
651 7 _9178686
_aБяла
653 7 _9196019
_aсамодейци
653 7 _9198069
_aтеатър
856 _i0.00
_ldisable
942 _cKNG
_n0
_s1
944 _aCR
_c2023-03-23
_k30560
_lГеновева Генчева
999 _d490027